Ground-breaking agreement on Olympic construction (Record no. 77355)
[ view plain ]
| 000 -LEADER | |
|---|---|
| fixed length control field | 01187cab a2200217 4500 |
| 001 - CONTROL NUMBER | |
| control field | ##L134073 |
| 008 - FIXED-LENGTH DATA ELEMENTS--GENERAL INFORMATION | |
| fixed length control field | 060706n2006 000 0 eng u |
| 035 ## - SYSTEM CONTROL NUMBER | |
| System control number | (Sirsi) u134073 |
| 041 0# - LANGUAGE CODE | |
| Language code of text/sound track or separate title | eng |
| 110 1# - MAIN ENTRY--CORPORATE NAME | |
| Corporate name or jurisdiction name as entry element | United Kingdom |
| Subordinate unit | Department for Culture Media and Sport |
| 245 00 - TITLE STATEMENT | |
| Title | Ground-breaking agreement on Olympic construction |
| 260 ## - PUBLICATION, DISTRIBUTION, ETC. | |
| Date of publication, distribution, etc. | 2006 |
| 490 #0 - SERIES STATEMENT | |
| Series statement | DCMS Press Notice |
| Volume/sequential designation | (093/06), 4 July 2006 |
| 520 ## - SUMMARY, ETC. | |
| Summary, etc. | The Strategic Forum for Construction's 2012 taskforce, in conjunction with the government, have produced "2012 construction commitments", designed to promote collaborative working and ensure successful delivery of the infrastructure, buildings and legacy for the 2012 London Olympics. Areas covered in the document include client leadership, procurement and integration, design, sustainability, commitment to people, and health and safety. |
| 590 ## - LOCAL NOTE (RLIN) | |
| Local note | IKA180706 |
| 650 24 - SUBJECT ADDED ENTRY--TOPICAL TERM | |
| Topical term or geographic name entry element | OLYMPIC GAMES 2012 |
| 651 #4 - SUBJECT ADDED ENTRY--GEOGRAPHIC NAME | |
| Geographic name | LONDON |
| 690 ## - LOCAL SUBJECT ADDED ENTRY--TOPICAL TERM (OCLC, RLIN) | |
| Topical term or geographic name as entry element | BUILT ENVIRONMENT-CONSTRUCTION MANAGEMENT-CONSTRUCTION PLANNING |
| 856 41 - ELECTRONIC LOCATION AND ACCESS | |
| Uniform Resource Identifier | <a href="https://www.strategicforum.org.uk/2012CC.shtml">https://www.strategicforum.org.uk/2012CC.shtml</a> |
| Public note | View the "2012 construction commitments" free of charge at www.strategicforum.org.uk... |
| 942 ## - ADDED ENTRY ELEMENTS (KOHA) | |
| Suppress in OPAC | 0 |
| Withdrawn status | Lost status | Source of classification or shelving scheme | Damaged status | Not for loan | Home library | Current library | Shelving location | Date acquired | Total Checkouts | Full call number | Barcode | Date last seen | Copy number | Price effective from | Koha item type |
|---|---|---|---|---|---|---|---|---|---|---|---|---|---|---|---|
| Dewey Decimal Classification | Virtual | Virtual | Online | 06/07/2006 | ONLINE PUBLICATION | 134073-1001 | 06/08/2019 | 1 | 06/08/2019 | Journal article |